LoL Worlds Championships - Qualified Teams - Statistiques

Statistiques générales
  • Ce quiz a été pris 191 fois
    53 depuis la dernière actualisation
  • Le résultat moyen est 63 sur 145
Statistiques - réponses
Teams % Correct
SK Telecom T1
100%
T1
100%
Fnatic
97%
G2 Esports
97%
KT Rolster
97%
CTBC Flying Oyster
95%
Generation Gaming
95%
Gen.G
95%
Movistar KOI
95%
Bilibili Gaming
92%
Team Liquid
92%
DAMWON
89%
DWG KIA
89%
Flyquest
89%
Hanwha Life Esports
89%
Invictus Gaming
89%
Dplus KIA
86%
DRX
86%
MAD Lions KOI
86%
Top Esports
84%
Anyone's Legend
81%
EDward Gaming
81%
PSG Talon
76%
Taipei Assassins
76%
Weibo Gaming
76%
100 Thieves
73%
Cloud9
73%
FunPlus Phoenix
73%
JD Gaming
73%
Team Vitality
73%
MADTeam
70%
Rogue
70%
Samsung Ozone
70%
Team WE
70%
ROX Tigers
68%
RNG
65%
Royal Never Give Up
65%
Samsung Galaxy
65%
Samsung White
65%
LNG Esports
62%
against All authority
59%
KOO Tigers
59%
Moscow Five
59%
Origen
59%
Samsung Blue
59%
Team BDS
59%
Team SoloMid
59%
TSM
59%
GAM Esports
57%
GIGABYTE Marines
57%
SK Gaming
54%
MAD Lions
51%
Team Secret Whales
51%
CLG
49%
CLG.Europe
49%
CLG.Prime
49%
Counter Logic Gaming
49%
LOUD
49%
NRG
49%
Suning
49%
H2k-Gaming
46%
Unicorns of Love
46%
Vivo Keyd Stars
46%
DetonatioN Focus Me
43%
DFM
43%
Griffin
43%
Misfits Gaming
43%
paiN Gaming
43%
Splyce
41%
Azubu Frost
38%
Evil Geniuses
38%
Star Horn Royal Club
38%
Vikings Esports
38%
Afreeca Freecs
35%
DetonatioN FM
35%
Gambit Esports
35%
Gambit Gaming
35%
Oh My God
35%
Alliance
32%
Flash Wolves
32%
Istanbul Wildcats
32%
Longzhu Gaming
32%
Royal Club
32%
LGD Gaming
30%
Movistar R7
30%
Rainbow7
30%
Albus NoX Luna
27%
Team Whales
27%
Dignitas
24%
Najin Black Sword
24%
NaJin Sword
24%
NaJin White Shield
24%
Phong Vũ Buffalo
24%
RED Canids
24%
Saigon Buffalo
24%
Saigon Jokers
24%
Chiefs Esports Club
22%
Immortals
19%
INTZ
19%
Isurus
19%
SuperMassive
19%
ahq eSports Club
16%
Clutch Gaming
16%
Dark Passage
16%
Fukuoaka SoftBank HAWKS Gaming
16%
Hong Kong Attitude
16%
J Team
16%
KaBuM! Esports
16%
Lemondogs
16%
MAMMOTH
16%
Papara SuperMassive
16%
Beyond Gaming
14%
Dire Wolves
14%
Epik Gamer
14%
Fenerbahçe
14%
Gamania Bears
14%
LMQ
14%
Lyon Gaming
14%
Mineski
14%
TeamVulcun
14%
Bangkok Titans
11%
Galatasaray Esports
11%
GamingGear.eu
11%
PEACE
11%
Rampage
11%
Team Gamed!de
11%
Xan
11%
Flamengo Esports
8%
G-Rex
8%
I May
8%
INFINITY
8%
Kaos Latin Gamers
8%
Legacy Esports
8%
Machi Esports
8%
MEGA
8%
Royal Youth
8%
V3 Esports
8%
Ascension Gaming
5%
Lowkey Esports
5%
Team oNe eSports
5%
Team Pacific
5%
Young generation
5%
Aucun quiz correspondant
Distribution des résultats
% des personnes avec chaque résultat
Percentile par nombre de réponses
Votre historique - résultats
Vous n’avez pas pris ce quiz depuis la dernière actualisation